000 00778cam a22002291 4500
001 ne 63000948
003 DLC
005 20260227111745.0
008 811215s1962 ua a 000 1 ararc
010 _ane 63000948
025 _aPL480:UAR-2319
035 _a(OCoLC)7997137
040 _aPrinceton Univ. Libr.
_cTU
_dTU
_dDLC
042 _apremarc
050 0 0 _aPJ7846.I43
_bB5
100 1 _aMīlādī, Fawzī ʻAbd al-Qādir.
245 1 0 _aBint al-ʻamm,
_bmajmūʻat masraḥiyyāt ijtimāʻīyah
_ctaʼlīf Fawzī ʻAbd al-Qādir al-Mīlādī.
260 _a[al-Qāhirah,
_c1962 ?]
300 _a118 p.
_billus.;
_c24 cm.
490 0 _aal-Kitāb al-māsī
505 0 _aal-Dawāʼ al-ʻajb̄ - al-Mukhādiʻ - Ḥaram al-milyūnīr- ʻUrs min al-samāʼ - Bint al-ʻamm.
999 _c45866
_d45866